000 00761nam a2200205Ia 4500
003 IN-BaIIA
008 211028s9999 xx 000 0 eng d
040 _cIIA Library
080 _a524.834:539.1
_bKUC
100 _aKuchowicz, B.
_95609
245 0 _aNuclear and relativistic astrophysics and nuclidic cosmochemistry 1963-1967; vol. 1
_cB. Kuchowicz
260 _aWarsaw
_bNuclear Energy Information Centre
_c1968
300 _aix, 365p.
490 _aReview Report no. 34
650 _aAstrophysics
_9794
650 _aAstrophysics - Bibliography
_922246
650 _aNuclear astrophysics
_92774
650 _aRelativistic astrophysics
_96801
942 _cBK
999 _c12703
_d12703